| 000 | 00746nam a2200229 a 4500 | ||
|---|---|---|---|
| 005 | 20220528063453.0 | ||
| 008 | 071004s1998 mx r 000 0 spa d | ||
| 020 | _a9684064667 | ||
| 035 | _aUPN01000152578 | ||
| 049 | _aCG | ||
| 050 | 4 |
_aPQ7298.1 N5.7 _bE7.6 |
|
| 100 | 1 |
_aAntaki, Ikram, _d1948-2000 _928728 |
|
| 245 | 1 | 3 |
_aEl espíritu de Córdoba / _cIkram Antaki. |
| 260 |
_aMéxico : _bPlaneta, _c1998. |
||
| 300 | _a337 p. | ||
| 440 | 0 | _aGrandes narradores | |
| 500 | _a"Visión novelada de la cultura árabe-judía y su profunda concepción del hombre y del mundo" | ||
| 600 | 0 | 4 |
_aAVERROES, _d1126-1198 |
| 600 | 1 | 4 |
_aMAIMONIDES, MOSES BEN MAIMON, _d1135-1204 _98262 |
| 650 | 4 |
_aLiteratura mexicana _ySiglo XX _95344 |
|
| 905 | _aLibro | ||
| 999 |
_c124701 _d124701 |
||